ՀՀ Գիտությունների ազգային ակադեմիայի հիմնարար գիտական գրադարան  =   Fundamental Scientific Library of NAS RA

Մետելիցա / (Record no. 90302)

MARC details
000 -LEADER
fixed length control field 00666nam a2200181 a 4500
001 - CONTROL NUMBER
control field 000251837
003 - CONTROL NUMBER IDENTIFIER
control field AM-YeHGA
005 - DATE AND TIME OF LATEST TRANSACTION
control field 20250618071705.0
008 - FIXED-LENGTH DATA ELEMENTS--GENERAL INFORMATION
fixed length control field 030801s1934 ai 000 | arm d
040 ## - CATALOGING SOURCE
Original cataloging agency AM-YeHGA
090 ## - LOCALLY ASSIGNED LC-TYPE CALL NUMBER (OCLC); LOCAL CALL NUMBER (RLIN)
-- 91593
245 10 - TITLE STATEMENT
Title Մետելիցա /
Statement of responsibility, etc. Ա.Ա Ֆադեև; Թարգմ.՝ Վ.. Ավագյան.
260 ## - PUBLICATION, DISTRIBUTION, ETC.
Place of publication, distribution, etc. Ռոստով-Դոն :
Name of publisher, distributor, etc. Ազով-Սևծովյան երկրային հրատ,
Date of publication, distribution, etc. 1934.
300 ## - PHYSICAL DESCRIPTION
Extent 27 էջ :
Other physical details նկ. ;
Dimensions 28 սմ.
440 #0 - SERIES STATEMENT/ADDED ENTRY--TITLE
Title Նոր սկսնակ ընթերցողի գրադարան
650 14 - SUBJECT ADDED ENTRY--TOPICAL TERM
Topical term or geographic name entry element Ռուս գրականություն
General subdivision Պատմվածք
9 (RLIN) 4645
700 1# - ADDED ENTRY--PERSONAL NAME
Personal name Ավագյան, Վահ.
Relator term թարգմ.
Relationship trl
Holdings
Withdrawn status Lost status Damaged status Not for loan Collection Home library Current library Date acquired Serial enumeration / chronology Total checkouts Full call number Barcode Date last seen Price effective from Koha item type Public note
        General Fundamental Scientific Library Fundamental Scientific Library 22/12/2016 3   AII/15742 FL0010852 22/12/2016 22/12/2016 Գրքեր / Books 30 Days Loan


ՀՀ ԳԱԱ հիմնարար գիտական գրադարան
ՀՀ,Երևան 0019
Մարշալ Բաղրամյան 24/6
հեռախոս:(374-10) 52-47-50
Հետադարձ կապ

All site content, except where otherwise noted, is licensed under a
Creative Commons License